Taylor Swift - Chansons de Fearless par durée - Statistiques

Statistiques générales
  • Ce quiz a été pris 32 fois
  • Le résultat moyen est 15 sur 22
Statistiques - réponses
Hint Réponse % Correct
4:54 min Fifteen
88%
3:55 min Love Story
88%
4:01 min Fearless/Today Was a Fairytale
82%
4:37 min Mr. Perfectly Fine
82%
3:51 min You Belong with Me
82%
4:23 min Breathe ft. Colbie Caillat/Superstar
76%
3:54 min White Horse
76%
4:40 min Change
71%
3:20 min Tell Me Why
71%
4:05 min The Best Day
71%
4:04 min The Way I Loved You/We Were Happy
71%
4:14 min Hey Stephen
65%
5:12 min Untouchable
65%
4:21 min You're Not Sorry
65%
4:02 min Bye Bye Baby
59%
3:57 min Come In with the Rain/Jump Then Fall
59%
4:27 min Forever & Always (piano version)
59%
3:40 min You All Over Me ft. Maren Morris
59%
3:45 min Forever & Always
53%
3:58 min The Other Side of the Door
53%
3:28 min Don't You
47%
3:09 min That's When ft. Keith Urban
47%
Aucun quiz correspondant
Distribution des résultats
% des personnes avec chaque résultat
Percentile par nombre de réponses
Votre historique - résultats
Vous n’avez pas pris ce quiz